| 000 | 00911cam a2200157 4500500 | ||
|---|---|---|---|
| 005 | 20260111085604.0 | ||
| 041 | _afre | ||
| 042 | _adc | ||
| 100 | 1 | 0 |
_aProtais, Baptiste _eauthor |
| 245 | 0 | 0 | _aFriedrich Nietzsche, Ainsi parlait Zarathoustra et autres récits, Œuvres, tome III. Édition sous la direction de Marc de Launay, avec la collaboration de Dorian Astor. Gallimard, « Bibliothèque de la Pléiade », n° 668, 2023, 1376 pages, prix de lancement 69 € (jusqu’au 30 avril 2024). |
| 260 | _c2023. | ||
| 500 | _a33 | ||
| 520 | _aAu Palais de Tokyo, à Paris, le duo autrichien constitué de Jakob Lena Knebl et d’Ashley Hans Scheirl est au cœur d’une exposition résolument placée sous le signe du double. | ||
| 786 | 0 | _nÉtudes | Javier | 1 | 2023-12-22 | p. 121r-144r | 0014-1941 | |
| 856 | 4 | 1 | _uhttps://shs.cairn.info/revue-etudes-2024-1-page-121r?lang=fr&redirect-ssocas=7080 |
| 999 |
_c1618283 _d1618283 |
||